000 00343 a2200157 4500
001 154265
040 _cEscola São Tomás de Aquino
100 _aBANDEIRA, Manuel
240 1 0 _aMeus poemas preferidos
_lpor
245 1 0 _aMeus poemas preferidos
300 _a205
362 0 _a2014
440 1 _aGlobal
697 _aPoesia
942 _cBK
999 _c154265
_d154265